Studies in discipleship. (Record no. 13154)

000 -LEADER
fixed length control field 00635nam a2200205 a 4500
001 - CONTROL NUMBER
control field :::00010972$&:&@@
003 - CONTROL NUMBER IDENTIFIER
control field OkBaRHE
005 - DATE AND TIME OF LATEST TRANSACTION
control field 20000607103404.0
008 - FIXED-LENGTH DATA ELEMENTS--GENERAL INFORMATION
fixed length control field s1975 j 000 0 eng u
020 ## - INTERNATIONAL STANDARD BOOK NUMBER
International Standard Book Number 0871487721
040 ## - CATALOGING SOURCE
Transcribing agency
100 1# - MAIN ENTRY--PERSONAL NAME
Personal name Conn, Charles Paul.
9 (RLIN) 192
245 10 - TITLE STATEMENT
Title Studies in discipleship.
260 ## - PUBLICATION, DISTRIBUTION, ETC. (IMPRINT)
Place of publication, distribution, etc Cleveland, TN., :
Name of publisher, distributor, etc Pathway Press
Date of publication, distribution, etc c1975
300 ## - PHYSICAL DESCRIPTION
Extent 141 p. : illus. ;
Dimensions 18 cm.
650 ## - SUBJECT ADDED ENTRY--TOPICAL TERM
Topical term or geographic name as entry element Christian Life
General subdivision Study And Teaching
9 (RLIN) 193
700 ## - ADDED ENTRY--PERSONAL NAME
Personal name Aultman, Donald S.
9 (RLIN) 194
942 ## - ADDED ENTRY ELEMENTS (KOHA)
Source of classification or shelving scheme
Koha item type Books
Copies
Lost status Copy number Barcode Date acquired Date last seen Shelving location Permanent Location Koha item type Source of classification or shelving scheme Not for loan Full call number Withdrawn status Price effective from Damaged status
 1109722010-04-142010-04-14General StacksRHEMA Bible Training CollegeBooks  BV 4511 .C6 2010-04-14